Welcome to CU Library Online Public Access Catalogue (OPAC)

Computers, communications, and information : (Record no. 722)

MARC details
000 -LEADER
fixed length control field 01123pam a2200277 a 4500
001 - CONTROL NUMBER
control field 1654182
005 - DATE AND TIME OF LATEST TRANSACTION
control field 20241106152132.0
008 - FIXED-LENGTH DATA ELEMENTS--GENERAL INFORMATION
fixed length control field 971001s1998 maua b 001 0 eng
020 ## - INTERNATIONAL STANDARD BOOK NUMBER
International Standard Book Number 0071093273 (core version : acidfree paper)
020 ## - INTERNATIONAL STANDARD BOOK NUMBER
International Standard Book Number 9780256252774
050 00 - LIBRARY OF CONGRESS CALL NUMBER
Classification number QA76.5
Item number .H867 1998
082 00 - DEWEY DECIMAL CLASSIFICATION NUMBER
Classification number 004
Edition information 21
100 1# - MAIN ENTRY--PERSONAL NAME
Personal name Hutchinson, Sarah E.
245 10 - TITLE STATEMENT
Title Computers, communications, and information :
Remainder of title a user's introduction /
Statement of responsibility, etc. Sarah E. Hutchinson, Stacey C. Sawyer; with contributions by Glen J. Coulthard.
250 ## - EDITION STATEMENT
Edition statement Rev. ed.
260 ## - PUBLICATION, DISTRIBUTION, ETC.
Place of publication, distribution, etc. Boston :
Name of publisher, distributor, etc. Irwin/McGraw-Hill,
Date of publication, distribution, etc. c1998.
300 ## - PHYSICAL DESCRIPTION
Extent xvi. (various pagings) :
Other physical details ill. (some col.) ;
Dimensions 28 cm.
650 #0 - SUBJECT ADDED ENTRY--TOPICAL TERM
Topical term or geographic name entry element Computers.
650 #0 - SUBJECT ADDED ENTRY--TOPICAL TERM
Topical term or geographic name entry element Information technology.
700 1# - ADDED ENTRY--PERSONAL NAME
Personal name Sawyer, Stacey C.
700 1# - ADDED ENTRY--PERSONAL NAME
Personal name Coulthard, Glen J.
856 42 - ELECTRONIC LOCATION AND ACCESS
Materials specified Publisher description
Uniform Resource Identifier <a href="http://www.loc.gov/catdir/description/mh023/97032174.html">http://www.loc.gov/catdir/description/mh023/97032174.html</a>
856 41 - ELECTRONIC LOCATION AND ACCESS
Materials specified Table of contents
Uniform Resource Identifier <a href="http://www.loc.gov/catdir/toc/mh022/97032174.html">http://www.loc.gov/catdir/toc/mh022/97032174.html</a>
856 42 - ELECTRONIC LOCATION AND ACCESS
Materials specified Contributor biographical information
Uniform Resource Identifier <a href="http://www.loc.gov/catdir/enhancements/fy0707/97032174-b.html">http://www.loc.gov/catdir/enhancements/fy0707/97032174-b.html</a>
942 ## - ADDED ENTRY ELEMENTS (KOHA)
Source of classification or shelving scheme Library of Congress Classification
Koha item type Books
Edition Rev. Ed.
Suppress in OPAC No
999 ## -
-- 722
-- 722
Holdings
Withdrawn status Lost status Source of classification or shelving scheme Damaged status Not for loan Collection Home library Current library Shelving location Date acquired Total checkouts Full call number Barcode Date last seen Copy number Price effective from Koha item type
    Library of Congress Classification     Non-fiction Science Library (Miotso) Science Library (Miotso) General stacks 11/06/2024   QA76.5 HUT SLM00000377 11/06/2024 1 11/06/2024 Books
    Library of Congress Classification     Non-fiction Science Library (Miotso) Science Library (Miotso) General stacks 11/06/2024   QA76.5 HUT SLM00000378 11/06/2024 2 11/06/2024 Books
© 2023-2024 Copyright: Central University Libraries. All Rights Reserved | Created by: Mahone Tech Office